<?xml version="1.0" encoding="UTF-8"?>
<collection xmlns="http://www.loc.gov/MARC21/slim">
 <record>
  <leader>00339pamaa2200133   4500</leader>
  <controlfield tag="001">0000034564</controlfield>
  <controlfield tag="005">20061124090000.0</controlfield>
  <datafield tag="020" ind1="0" ind2="0">
   <subfield code="a">0747274177 </subfield>
  </datafield>
  <datafield tag="090" ind1="0" ind2="0">
   <subfield code="a">PS3557.A35 </subfield>
   <subfield code="b">GAI 2001</subfield>
  </datafield>
  <datafield tag="100" ind1="1" ind2="0">
   <subfield code="a">GAIMAN </subfield>
  </datafield>
  <datafield tag="245" ind1="1" ind2="0">
   <subfield code="a">American gods  </subfield>
   <subfield code="c">Neil Gaiman.</subfield>
  </datafield>
  <datafield tag="260" ind1="0" ind2="0">
   <subfield code="a">London: </subfield>
   <subfield code="b">Headline Book Publishing, </subfield>
   <subfield code="c">2001.</subfield>
  </datafield>
  <datafield tag="300" ind1=" " ind2=" ">
   <subfield code="a">503p.: </subfield>
   <subfield code="b">23cm.</subfield>
  </datafield>
  <datafield tag="650" ind1="0" ind2="0">
   <subfield code="a">Suspense fiction </subfield>
  </datafield>
 </record>
</collection>
